<?xml version="1.0" encoding="UTF-8"?>
<record
    xmlns:xsi="http://www.w3.org/2001/XMLSchema-instance"
    xsi:schemaLocation="http://www.loc.gov/MARC21/slim http://www.loc.gov/standards/marcxml/schema/MARC21slim.xsd"
    xmlns="http://www.loc.gov/MARC21/slim">

  <leader>01420nam0a2200325   4500</leader>
  <controlfield tag="001">RU\NLR\BIBL_A\012101166</controlfield>
  <controlfield tag="005">20250623210114.0</controlfield>
  <datafield tag="035" ind1=" " ind2=" ">
    <subfield code="a">(NLR Aleph) 012101166</subfield>
  </datafield>
  <datafield tag="090" ind1=" " ind2=" ">
    <subfield code="a">11906459</subfield>
    <subfield code="c">11906459</subfield>
  </datafield>
  <datafield tag="100" ind1=" " ind2=" ">
    <subfield code="a">20190925d1897    |||y0rusy50      ca</subfield>
  </datafield>
  <datafield tag="101" ind1="0" ind2=" ">
    <subfield code="a">rus</subfield>
  </datafield>
  <datafield tag="102" ind1=" " ind2=" ">
    <subfield code="a">RU</subfield>
  </datafield>
  <datafield tag="105" ind1=" " ind2=" ">
    <subfield code="a">y   z   000zy</subfield>
  </datafield>
  <datafield tag="200" ind1="1" ind2=" ">
    <subfield code="a">&#x412;&#x435;&#x434;&#x43E;&#x43C;&#x43E;&#x441;&#x442;&#x44C; &#x2116; 6 &#x43E; &#x43F;&#x43E;&#x434;&#x430;&#x442;&#x44F;&#x445; &#x438; &#x43D;&#x435;&#x434;&#x43E;&#x438;&#x43C;&#x43A;&#x430;&#x445; &#x43A;&#x440;&#x435;&#x441;&#x442;&#x44C;&#x44F;&#x43D;-&#x441;&#x43E;&#x431;&#x441;&#x442;&#x432;&#x435;&#x43D;&#x43D;&#x438;&#x43A;&#x43E;&#x432; &#x438; &#x441;&#x43E;&#x441;&#x43B;&#x43E;&#x432;&#x438;&#x439;, &#x43D;&#x435; &#x43F;&#x43E;&#x43B;&#x44C;&#x437;&#x443;&#x44E;&#x449;&#x438;&#x445;&#x441;&#x44F; &#x437;&#x435;&#x43C;&#x435;&#x43B;&#x44C;&#x43D;&#x44B;&#x445; &#x434;&#x43E;&#x432;&#x43E;&#x43B;&#x44C;&#x441;&#x442;&#x432;&#x438;&#x435;&#x43C; &#x43E;&#x442; &#x43A;&#x430;&#x437;&#x43D;&#x44B; &#x438; &#x43D;&#x435; &#x441;&#x43E;&#x441;&#x442;&#x43E;&#x44F;&#x449;&#x438;&#x445; &#x432; &#x43A;&#x440;&#x443;&#x433;&#x43E;&#x432;&#x43E;&#x439; &#x43F;&#x43E;&#x440;&#x443;&#x43A;&#x435;, &#x43F;&#x43E; &#x447;&#x435;&#x442;&#x44B;&#x440;&#x435;&#x43C; &#x421;&#x438;&#x431;&#x438;&#x440;&#x441;&#x43A;&#x438;&#x43C; &#x433;&#x443;&#x431;&#x435;&#x440;&#x43D;&#x438;&#x44F;&#x43C;</subfield>
  </datafield>
  <datafield tag="210" ind1=" " ind2=" ">
    <subfield code="a">[&#x421;.-&#x41F;&#x435;&#x442;&#x435;&#x440;&#x431;&#x443;&#x440;&#x433;</subfield>
    <subfield code="c">&#x431;. &#x438;.</subfield>
    <subfield code="d">1897]</subfield>
  </datafield>
  <datafield tag="215" ind1=" " ind2=" ">
    <subfield code="a">3 &#x441;.</subfield>
    <subfield code="d">35</subfield>
  </datafield>
  <datafield tag="309" ind1=" " ind2=" ">
    <subfield code="a">&#x411;&#x435;&#x437; &#x442;&#x438;&#x442;. &#x43B;. &#x438; &#x43E;&#x431;&#x43B;.</subfield>
  </datafield>
  <datafield tag="309" ind1=" " ind2=" ">
    <subfield code="a">&#x427;&#x430;&#x441;&#x442;&#x44C; &#x442;&#x435;&#x43A;&#x441;&#x442;&#x430; &#x43D;&#x430; &#x43E;&#x434;&#x43D;&#x43E;&#x439; &#x441;&#x442;&#x43E;&#x440;&#x43E;&#x43D;&#x435; &#x43B;&#x438;&#x441;&#x442;&#x430;</subfield>
  </datafield>
  <datafield tag="606" ind1="1" ind2=" ">
    <subfield code="a">&#x41F;&#x43E;&#x434;&#x443;&#x448;&#x43D;&#x430;&#x44F; &#x43F;&#x43E;&#x434;&#x430;&#x442;&#x44C;</subfield>
    <subfield code="j">&#x414;&#x43E;&#x43A;&#x443;&#x43C;&#x435;&#x43D;&#x442;&#x44B; &#x438; &#x43C;&#x430;&#x442;&#x435;&#x440;&#x438;&#x430;&#x43B;&#x44B;</subfield>
    <subfield code="y">&#x420;&#x43E;&#x441;&#x441;&#x438;&#x44F;</subfield>
    <subfield code="9">2593408</subfield>
    <subfield code="3">RU\NLR\AUTH\6601742127</subfield>
  </datafield>
  <datafield tag="606" ind1="1" ind2=" ">
    <subfield code="a">&#x41D;&#x435;&#x434;&#x43E;&#x438;&#x43C;&#x43A;&#x438;</subfield>
    <subfield code="j">&#x414;&#x43E;&#x43A;&#x443;&#x43C;&#x435;&#x43D;&#x442;&#x44B; &#x438; &#x43C;&#x430;&#x442;&#x435;&#x440;&#x438;&#x430;&#x43B;&#x44B;</subfield>
    <subfield code="y">&#x420;&#x43E;&#x441;&#x441;&#x438;&#x44F;</subfield>
    <subfield code="9">2439163</subfield>
    <subfield code="3">RU\NLR\AUTH\6601669138</subfield>
  </datafield>
  <datafield tag="686" ind1="3" ind2=" ">
    <subfield code="a">&#x423;26(28)141.319.219,011</subfield>
  </datafield>
  <datafield tag="686" ind1="3" ind2=" ">
    <subfield code="a">&#x425;2(2)46-512,011</subfield>
  </datafield>
  <datafield tag="686" ind1="3" ind2=" ">
    <subfield code="a">&#x423;26(28)141.311.3,011</subfield>
  </datafield>
  <datafield tag="686" ind1="3" ind2=" ">
    <subfield code="a">&#x423;32(28)194.3,011</subfield>
  </datafield>
  <datafield tag="852" ind1=" " ind2=" ">
    <subfield code="a">NLR</subfield>
    <subfield code="j">135/294-320(52)</subfield>
  </datafield>
  <datafield tag="942" ind1=" " ind2=" ">
    <subfield code="c">BOOK</subfield>
  </datafield>
  <datafield tag="980" ind1=" " ind2=" ">
    <subfield code="a">NB</subfield>
  </datafield>
</record>
